Les clubs engagés en Ligue Europa 2015-2016 - Statistiques

Statistiques générales
  • Ce quiz a été pris 45 fois
    34 depuis la dernière actualisation
  • Le résultat moyen est 19 sur 48
Statistiques - réponses
Groupe Pays Club % Correct
A Pays-Bas Ajax Amsterdam
89%
A Ecosse Celtic Glasgow
78%
F France Olympique de Marseille
78%
F Portugal Sporting Braga
78%
I Suisse FC Bale
72%
G Italie Lazio Rome
72%
G France AS Saint-Etienne
67%
A Turquie Fenerbahce
67%
B France Girondins de Bordeaux
67%
B Angleterre Liverpool FC
67%
J Belgique RSC Anderlecht
67%
J France AS Monaco
61%
G Norvège Rosenborg BK
61%
D Pologne Legia Varsovie
50%
K République Tchèque Sparta Prague
50%
J Angleterre Tottenham Hotspur
50%
I Italie AC Fiorentina
44%
L Espagne Athletic Bilbao
44%
H Turquie Besiktas
44%
L Serbie Partizan Belgrade
44%
D Italie SSC Naples
44%
K Chypre APOEL Nicosie
39%
C Allemagne Borussia Dortmund
39%
E République Tchèque FC Viktoria Plzen
39%
C Grèce PAOK Salonique
39%
J Azebaidjan Qarabag Agdam
39%
E Autriche Rapid Vienne
39%
C Russie FK Krasnodar
33%
A Norvège Molde FK
33%
K Allemagne Schalke 04
33%
L Pays-Bas AZ Alkmaar
28%
G Ukraine Dnipro Dnipopetrovsk
28%
H Russie Lokomotiv Moscou
28%
D Danemark FC Midtjylland
22%
C Azerbaidjan Qabala FK
22%
F Pays-Bas FC Groningue
17%
E Espagne Villarreal CF
17%
D Belgique Club Brugge KV
11%
E Biélorussie Dinamo Minsk
11%
B Suisse FC Sion
11%
I Pologne Lech Poznan
11%
B Russie Rubin kazan
11%
H Albanie Skenderbeu Korce
11%
K Grèce Asteras Tripolis
6%
I Portugal Belenenses
6%
F République Tchèque Slovan Liberec
6%
H Portugal Sporting Portugal
6%
L Allemagne FC Augsbourg
0%
Aucun quiz correspondant
Distribution des résultats
% des personnes avec chaque résultat
Percentile par nombre de réponses
Votre historique - résultats
Vous n’avez pas pris ce quiz depuis la dernière actualisation